Представление документа в формате MARC21

ПолеНазваниеЗначение
  Тип записи a
  Библиографический уровень m
001 Контрольный номер RU\infra-m\znanium\bibl\2233605
005 Дата корректировки 20260429142238.5
008 Кодируемые данные 260120s2025 RU g rus u
020 Индекс ISBN __
a ISBN 978-5-9614-5266-2
040 Источник каталогиз. __
a Служба первич. каталог. Общество с ограниченной ответственностью «ЗНАНИУМ»
041 Код языка издания __
a Код языка текста rus
044 Код страны публикации __
a Код страны публикации RU
080 Индекс УДК __
a Индекс УДК 65.011
084 Индекс другой классификации/Индекс ББК __
2 Источник индекса rubbk
a Индекс другой классификации/Индекс ББК 65.290-2
084 Индекс другой классификации/Индекс ББК __
2 Источник индекса okso
a Индекс другой классификации/Индекс ББК 34.02.01
084 Индекс другой классификации/Индекс ББК __
2 Источник индекса okso
a Индекс другой классификации/Индекс ББК 38.04.01
084 Индекс другой классификации/Индекс ББК __
2 Источник индекса okso
a Индекс другой классификации/Индекс ББК 38.04.02
084 Индекс другой классификации/Индекс ББК __
2 Источник индекса okso
a Индекс другой классификации/Индекс ББК 38.04.03
084 Индекс другой классификации/Индекс ББК __
2 Источник индекса okso
a Индекс другой классификации/Индекс ББК 38.04.04
084 Индекс другой классификации/Индекс ББК __
2 Источник индекса okso
a Индекс другой классификации/Индекс ББК 38.04.05
100 Автор __
a Автор Ротер М.
q Полное имя Ротер Майк
245 Заглавие __
a Заглавие Учитесь видеть бизнес-процессы: Построение карт потоков создания ценности
b Продолж. заглавия Учебное пособие
250 Сведения об издании __
a Основные сведения об издании 5
260 Выходные данные __
a Место издания Москва
b Издательство ООО "Альпина Паблишер"
c Дата издания 2026
300 Физическое описание __
a Объем 144 с.
520 Аннотация __
a Аннотация Процессы — и особенно бизнес-процессы — неотъемлемая составляющая деятельности любой организации. Четкое описание бизнес-процессов необходимо и команде управляющей соответствующим процессом и владельцу процесса и его лидеру. Не обойтись без подобного описания и сотрудникам взаимодействующим с описываемыми процессами а также поставщикам и потребителям. Интерес к описанию процессов обусловлен многими причинами. Но самая важная из них — возможность непрерывного совершенствования. Для совершенствования процессов прежде всего нужно обеспечить их визуализацию и прозрачность т. е. наглядно увидеть и понять как работает процесс где создается добавленная ценность где возникают потери. Карты потоков создания ценности позволяют описывать процессы любого рода как производственные так и сервисные. Данная книга — первое в России издание подробно описывающее методологию построения карт потоков создания ценности — одного из самых важных инструментов бережливого производства. Предлагаемая методология была разработана Майклом Ротером и Джоном Шуком на основе их личного опыта работы с компанией Toyota. Книга ориентирована на менеджеров-практиков а также на специалистов в любой области деятельности которые заинтересованы в повышении эффективности бизнес-процессов. Ее можно использовать в качестве учебного пособия для студентов высших и среднетехнических учебных заведений.
521 Примеч. о цел. назн. __
a Примеч. о целев. назн. ВО - Бакалавриат
650 Тематические рубрики __
a Основная рубрика Управление (менеджмент)
x Основная подрубрика Управление бизнес-процессами. Аутсорсинг
655 Указ. предметных рубрик (устаревшее) __
a Жанр/ форма (устаревшее) Учебное пособие
700 Другие авторы __
a Другие авторы Шук Д.
q Полное имя Шук Джон
856 Электронный адрес документа 4_
a Имя сервера/домена znanium.ru
m Помощь ebs_support@infra-m.ru
n Местонахождение сервера НИЦ ИНФРА-М
u URL https://znanium.ru/catalog/document?id=472678
856 Электронный адрес документа 48
a Имя сервера/домена znanium.ru
d Путь /cover/2233
f Электронное имя 2233605.jpg
q Тип электронного формата image/jpeg
u URL https://znanium.ru/cover/2233/2233605.jpg
911 __
u 0030=https://znanium.ru/catalog/document?id=472678